| Поле | Инд. | ПП | Название | Значение |
|---|---|---|---|---|
| Тип записи | a | |||
| Библиографический уровень | b | |||
| 001 | Контрольный номер | RU/IS/BASE/261248380 | ||
| 005 | Дата корректировки | 20200630233428.0 | ||
| 008 | Кодируемые данные | 20080411 | ||
| 040 | b | Код языка каталог. | rus | |
| e | Правила каталог. | PSBO | ||
| 041 | 0_ | a | Код языка текста | rus |
| 084 | a | Индекс другой классификации/Индекс ББК | 60.5р30-2 | |
| 100 | 1_ | a | Автор | Покровский Н. Е. |
| q | Полное имя | Покровский Никита Евгеньевич | ||
| 245 | 10 | a | Заглавие | Преподавание социологии: наш ответ на новые вызовы |
| b | Продолж. заглавия | Статья вторая | ||
| 500 | a | Примечание | Статью первую см. см. в № 6 за 2007 г. | |
| 520 | 0_ | a | Аннотация | Автор излагает опыт преподавания социологии в Государственном университете - Высшей школе экономики: экспериментальные учебные курсы и методики преподавания, в том числе дистанционный телекурс на английском языке. |
| 650 | 04 | a | Основная рубрика | высшее образование |
| a | Основная рубрика | методика преподавания | ||
| a | Основная рубрика | образование | ||
| a | Основная рубрика | профессиональное образование; дидактика | ||
| a | Основная рубрика | социология | ||
| 653 | 0_ | a | Ключевые слова | Высшая школа экономики |
| a | Ключевые слова | преподавание социологии | ||
| a | Ключевые слова | Россия | ||
| a | Ключевые слова | социологическое образование | ||
| a | Ключевые слова | экспериментальные учебные курсы | ||
| 773 | 08 | t | Заглавие источника | Высшее образование сегодня |
| d | Дата издания источника | 2007 | ||
| g | Прочая информация | № 7. - С. 32 - 36 | ||
| w | Контрольный № источника | RU/IS/BASE/207400197 | ||
| 901 | t | Тип документа | b |